000 00725nam a2200205Ia 4500
003 GCL
008 140319s9999 xx 000 0 ara d
040 _aGCL /
_cGCL
082 0 4 _aد
_b050
_bج م
100 1 _aالجمعية المصرية للعلوم السياسي
245 1 0 _aالمجلة المصرية للعلوم السياسية /
_cالجمعية المصرية للعلوم السياسي
260 _a[S.N] :
_bالجمعية المصرية للعلوم السياسية
300 _aمتعددة
490 _aنصوص ودروس _ المجموعة الادبية
_v0
650 0 4 _aمصر
650 0 4 _aالاقتصاد
650 0 4 _aالسياسة
650 0 4 _aالاجتماع
942 _2ddc
_cCF
999 _c27009
_d27009